| 000 | 00866nmc a2200289 a 4500 | ||
|---|---|---|---|
| 003 | AR-BaBNM | ||
| 005 | 20251128203712.0 | ||
| 008 | 207019s1961 ||||||||||||||000 | spa|| | ||
| 040 | _cAR-BaBNM | ||
| 100 | 1 | _aHalperin Donghi, Tulio | |
| 245 | 1 | 0 | _aTradición política española e ideología revolucionaria de mayo |
| 260 |
_aBuenos Aires _bEudeba _c1961 |
||
| 300 | 0 | _a227 p. | |
| 490 | 0 | _aBiblioteca de américa | |
| 500 | 0 | _aContiene índice de materias p. 215-226 | |
| 600 | 1 | 4 |
_aVitoria, Francisco de _d1483-1546 |
| 600 | 1 | 4 |
_aSuárez, Francisco _d1548-1617 |
| 600 | 1 | 4 |
_aFunes, Gregorio _d1749-1829 |
| 650 | 4 | _aPERIODO INDEPENDIENTE | |
| 650 | 4 | _aREVOLUCION DE MAYO | |
| 650 | 4 | _aANTECEDENTES DE LA REVOLUCION DE MAYO | |
| 650 | 4 | _aINVASION NAPOLEONICA | |
| 650 | 4 | _aSEMANA DE MAYO | |
| 650 | 4 | _aMONARQUIA | |
| 942 | _cBK | ||
| 998 | _cmariana | ||
| 999 |
_c4555 _d4555 |
||